| 000 | 00936nam a2200205 a 4500 | ||
|---|---|---|---|
| 005 | 20210219160321.0 | ||
| 008 | 081010s2000 mx r 000 0 spa d | ||
| 035 | _aUPN01000163145 | ||
| 049 | _aUNE | ||
| 080 | _aDO 347.78 (06) (100) "1961" OBS. | ||
| 111 | 2 | _aConferencia Diplomática sobre la Protección Internacional de los Artistas Intérpretes o Ejecutantes, los Productores de Fonogramas y los Organismos de radiodifusión, 1961 : Parí-. | |
| 245 | 1 | 0 | _aObservaciones y comentarios gubernamentales relativos al proyecto de convención internacional (respuestas recibidas hasta la fecha del 1°. de septiembre de 1961) |
| 260 | _aParís : UNESCO; Ginebra : OIT : OMPI, | ||
| 300 | _a1961. | ||
| 690 | _aPropiedad intelectual- Instrumentos internacionales | ||
| 710 | 2 | _aUNESCO | |
| 710 | 2 | _aOIT. Oficina Internacional del Trabajo | |
| 710 | 2 | _aOMPI. Organización Mundial de Propiedad Intelectual. | |
| 905 | _aUNESCO | ||
| 999 |
_c135258 _d135258 |
||